[Event "RUS-chT 07th"]
[Site "Smolensk"]
[Date "2000.04.19"]
[Round "5"]
[White "Sitnikov, Dmitrij"]
[Black "Brodsky, Michail"]
[Result "0-1"]
[WhiteElo "2438"]
[BlackElo "2514"]
[Annotator "Ribli,Z"]
[PlyCount "68"]
[EventDate "2000.04.15"]
[EventType "team-tourn"]
[EventRounds "11"]
[EventCountry "RUS"]
[SourceTitle "CBM 077"]
[Source "ChessBase"]
[SourceDate "2000.07.27"]
[SourceVersion "1"]
[SourceVersionDate "2000.07.27"]
[SourceQuality "1"]
[WhiteTeam "Novokuznetsk"]
[BlackTeam "Maykop Universitet"]
[WhiteTeamCountry "RUS"]
[BlackTeamCountry "RUS"]

1. e4 c5 2. Nf3 Nc6 3. d4 cxd4 4. Nxd4 e6 5. Nc3 Qc7 {Großmeister Brodsky
spielt sehr gerne die Taimanov-Paulsen Variante.} 6. Be2 a6 7. O-O Nf6 8. Kh1 {
In der letzten Zeit wird die Alternative 8.Be3 wieder häufiger gespielt, aber
der Textzug ist auch eine gute Fortsetzung. In beiden Fällen kann Schwarz mit
8...d6 den Übergang in die Scheweninger Variante wählen.} Nxd4 9. Qxd4 Bc5 10.
Qd3 b5 11. f4 Bb7 {Schwarz hat keine Angst vor 12.e5, denn danach kann er
bequem 12...Nd5 spielen.} 12. Bf3 h5 {Mit diesem Zug sichert Schwarz sich das
Feld g4 für den Springer. Der Nachteil des Zugs ist, dass nun nicht mehr klar
ist, wo Schwarz seinen König sicher plazieren kann.} (12... O-O 13. e5 Ne8 14.
Bxb7 Qxb7 15. f5 $36) 13. e5 Ng4 14. Bxb7 (14. Ne4 Bxe4 15. Qxe4 Rc8 16. Qe2
Nh6 $13) 14... Qxb7 15. Ne4 Rc8 {Dieser Zug wird seltener gespielt als der
sofortige Rückzug des Läufers nach e7. In der Tat braucht Schwarz den
Figurentausch auf c5 nicht zu fürchten, denn der übrig bleibende gegnerische
Läufer wäre keineswegs stärker als der Springer.} (15... Be7 16. b3 (16. a4 b4
17. c4 Nh6 18. Be3 Qc6 19. b3 Nf5 20. Rad1 a5 21. Bf2 Rd8 22. c5 f6 {0-1
Rogovoi,M-Tunik,G/St Petersburg 2000/CBM 76_02 (60)}) 16... Nh6 17. Bb2 h4 18.
Qf3 Rb8 19. Rad1 Nf5 20. Rf2 O-O 21. Rfd2 Rfd8 22. Bd4 d5 23. exd6 Nxd6 24.
Nxd6 Qxf3 25. gxf3 Rxd6 {0-1 Lalic,B-Tregubov,P/New York USA 2000/The Week in
Chess 288 (32)}) 16. Bd2 (16. b3 Nh6 17. Qf3 Qc6 18. Bb2 Nf5 19. c4 h4 20. Nxc5
Qxc5 {0-1 Vokarev,S-Poluljahov,A/Swidnica 1999/EXT 2000 (49)}) (16. h3 Nh6 17.
Be3 Be7 18. Bf2 Nf5 19. Rad1 h4 20. Rfe1 Rh6 21. Qf3 Qb8 22. Rd2 Rd8 23. Red1
Qc7 24. c3 f6 {0-1 Szelag,M-Beshukov,S/Koszalin 1999/EXT 2000 (46)}) 16... Be7
17. a3 {[%cal Gd2b4] Weiß bereitet den Läufertausch (mittels 18.Bb4) vor,
vonach sich die Schwächung des Feldes d6 und des Pd7 bemerkbar machen würde.}
f5 $5 {Mit diesem logischen Zug kann Schwarz ein wichtiges Ziel erreichen -
entweder verjagt er den Ne4 oder er tauscht - en passant - den Pe5.} (17... Qc6
18. Bb4 f5 (18... Qxc2) 19. exf6 gxf6 20. Bxe7 Kxe7 21. Rad1 (21. Qd4 d5 22.
Qb4+ Kd7 23. Rad1 f5 24. Ng5 Qc5 25. Qe1 Qe3 26. Rd2 Qxe1 27. Rxe1 Rhe8 28.
Rde2 Rc6 29. Nf3 Rb6 {1/2-1/2 Delchev,A-De la Riva Aguado,O/Benasque 1997/EXT
98 (29)}) 21... f5 22. Nd6 Rcg8 23. Rf3 h4 24. Rd2 Nf6 25. Qe3 Rh5 {0-1 Landa,
K-Beshukov,S/Elista 1996/CBM 56/[Ribli] (39)}) 18. exf6 (18. Nd6+ Bxd6 19. exd6
{Nach diesem Zug steht der Pd7 gar nicht schlecht. Schwarz bekommt ein neues
Motiv: der Springer kann über f6 nach e4 ziehen.} (19. Qxd6 $2 Rxc2 $17) 19...
h4 20. h3 Nf6 $13 {[%cal Gf6e4]}) 18... gxf6 $13 {Jetzt steht der schwarze
König etwas unsicher in der Mitte, aber seine Bauernmasse ist elastisch - er
kann sowohl f6-f5 als auch d7-d5 ziehen.} 19. Rae1 {[%cal Ge1e8]} (19. f5 Qc7 {
[%cal Gc8c2,Rc7h2]} 20. Qh3 (20. Bf4 e5 $17) 20... d5 21. Nc3 d4 22. Ne4 Qe5
23. Rae1 Rxc2 $17 {Droht 24...Rxd2 25.Nxd2 Nf2+ mit Gewinn.}) (19. Bc3 Rg8 $13)
19... Qc6 {[%csl Gc6][%cal Rc8c2] Die schwarze Dame kontrolliert die
wichtigsten Felder am Damenflügel (momentan hängt der Pc2) und gleichzeitig
die große Diagonale.} (19... f5 $5 $15 {Auf diese Weise kann Schwarz den Ne4
vertreiben. Der König kann sich nach f7 in Sichercheit begeben.}) 20. Bc3 Rh6
21. f5 {Mit diesem Zug versucht Weiß einen Angriff zu starten, aber Schwarz
kann die Stellung geschlossen halten.} (21. h3 f5 22. Nd2 Nf6 $13) 21... e5 (
21... d5 22. Nxf6+ Rxf6 23. Bxf6 Nxf6 24. Rxe6 $16 Qxc2 $2 25. Qxc2 Rxc2 26.
Rfe1 $18 {[%cal Re6f6,Re1e8]}) 22. Bd2 Rh8 23. Nc3 {[%csl Yd5][%cal Gc3d5] Es
scheint, als hätte Weiß aufgrund des Lochs auf d5 positionellen Vorteil..} Bc5
{[%cal Rg4f2,Rf2h1,Rf2d3]} (23... d5 24. Nxd5 Qxc2 25. Qe2 Qxb2 $13) 24. Re2 (
24. Ne4 d5 25. Nxc5 Qxc5 26. Re2 e4 $36 {[%cal Gg4e5]} (26... Rh7 $13)) 24...
Kf7 {Der König steht sicher auf f7. Es droht jetzt der positionelle Zug 25...
Bd4.} 25. Nd5 Bd4 (25... e4 $2 26. Rxe4 (26. Qxe4 $2 Rhe8 $19) 26... Nf2+ 27.
Rxf2 Bxf2 28. Bc3 $16 {[%csl Gc3,Gd5,Ge4,Rf7]}) 26. Nb4 Qd6 27. c3 $2 (27. Re4
Bc5 $13) {[#]} 27... e4 $1 {[%cal Rd6h2,Re4d3][%mdl 64] Mit diesem Zwischenzug
übernimmt Schwarz die Initiative.} 28. Qh3 $8 (28. Qg3 Qxg3 29. hxg3 Ba7 $17)
28... Be5 {[%csl Rh2]} 29. Be3 Nxh2 $17 {Schwarz hat einen Mehrbauern und
positionellen Druck. Die weiße Dame steht passiv auf h3.} 30. Rfe1 Ng4 31. Bg1
(31. Rd2 $2 Qxd2 $19) 31... Bg3 32. Rf1 Rc4 {[%csl Gc4,Gg3,Gg4,Rh1,Rh3][%mdl
2048] Es gibt ein großen Unterschied zwischen der Figurenkoordination von Weiß
und Schwarz.} 33. Nd5 e3 $19 {[%cal Rg4f2,Rf2h3,Rf2h1] Es droht das tödliche
34...Nf2+ nebst Rh4. Weiß hat keine Verteidigung.} 34. Rd1 (34. Nxe3 Nxe3 35.
Rxe3 Rh4 $19) 34... Nf2+ 0-1

[Event "Olympiad-31"]
[Site "Moscow"]
[Date "1994.12.04"]
[Round "4.4"]
[White "Tiviakov, Sergei"]
[Black "Miladinovic, Igor"]
[Result "0-1"]
[WhiteElo "2640"]
[BlackElo "2500"]
[Annotator "Ribli,Z"]
[PlyCount "102"]
[EventDate "1994.12.01"]
[EventType "team-swiss"]
[EventRounds "14"]
[EventCountry "RUS"]
[SourceTitle "CBM 045"]
[Source "ChessBase"]
[SourceDate "1995.04.01"]
[SourceVersion "1"]
[SourceVersionDate "1995.04.01"]
[SourceQuality "1"]
[WhiteTeam "Russia"]
[BlackTeam "Serbia & Montenegro"]
[WhiteTeamCountry "RUS"]
[BlackTeamCountry "YUG"]

1. e4 c5 2. Nf3 Nc6 3. d4 cxd4 4. Nxd4 Qc7 5. Nc3 e6 6. g3 a6 7. Bg2 Nf6 8. O-O
Bc5 9. Nb3 (9. Nxc6 dxc6 10. Na4 Ba7 11. c4 Nd7 $1 (11... b5 12. e5 Nd7 13.
cxb5 axb5 14. Nc3 Ba6 15. Ne4 O-O 16. Bf4 Nxe5 17. Qc2 $16 {Kuzmin,G-Averkin,O/
USSR-ch/1973/INF16,344/}) 12. Qg4 Bd4 13. Bf4 Qa5 14. Qd1 e5 15. Bd2 Qc7 16.
Qg4 g6 $13 {Popovic,,P-Miladinovic,I/Novi Sad m/1994/INF61,(195)/}) (9. Bf4 Ne5
10. Na4 Ba7 $5 (10... Be7 11. c4 d6 12. Rc1 b6 13. b4 $14 {Browne,W-Langeweg,K/
Wijk aan Zee/1974/INF17,401/}) 11. c4 d6 12. Rc1 {+/= Browne} Bd7 $13) 9... Ba7
$1 (9... Be7 $6 10. a4 O-O 11. a5 Bb4 12. Bg5 Nxa5 13. e5 $1 $16 {de Firmian,
N-Ogaard,L/Gausdal/1983/INF35,245/}) 10. Bg5 (10. Bf4 Ne5 11. Qe2 d6 12. Rad1
Bd7 13. Rd2 h6 14. Rfd1 g5 15. Bxe5 dxe5 16. Qf3 Ke7 $13 {Popovic,
P-Miladinovic,I/Novi Sad m/1994/INF61,(195)/}) 10... Ne5 11. Qe2 (11. Bxf6 gxf6
12. Qh5 Nc4 13. Rab1 Qe5 $15) 11... d6 12. Kh1 Nc4 13. Nd1 Bd7 14. c3 h5 $5 15.
Nd4 Rc8 16. f4 Na5 17. Qf3 (17. Ne3 Bxd4 18. cxd4 Bb5 $17) 17... Ng4 18. h3 Nc6
19. Nc2 (19. Nxc6 Bxc6 $15 {>< e4}) 19... Ne7 20. Bxe7 (20. Nce3 f6 21. Bh4
Nxe3 22. Nxe3 Ng6 $15) 20... Kxe7 21. f5 $6 (21. Nde3 $5 Nxe3 22. Nxe3 Bxe3 (
22... Qb6 $13) 23. Qxe3 $10) 21... Bb5 $1 22. Re1 (22. fxe6 Ne5 $1 $19) 22...
Ne5 23. Qf4 f6 24. Qd2 Nd3 25. fxe6 (25. Rf1 Nxb2 $1 26. Nxb2 Bxf1 27. Rxf1
Qxc3 28. Qxc3 Rxc3 $19) 25... Nxe1 26. Nde3 Bxe3 27. Nxe3 Qc5 28. Rxe1 Kxe6 29.
Nf5 (29. e5 dxe5 30. Bd5+ Ke7 31. Nf5+ Kf8 $19) 29... g6 30. Nh4 Kf7 $1 31. Kh2
Kg7 32. Rd1 Rhe8 33. Qc2 (33. Qxd6 Qxd6 34. Rxd6 Rcd8 35. Rb6 Bc6 $19) 33...
Re5 34. Nf3 Re7 35. Nh4 Be8 36. Rd5 Qc7 37. Qd2 Rd8 38. a3 Re5 39. Rd4 Qe7 40.
Qd3 Bc6 41. Bf3 Qf7 42. Ng2 f5 43. Nf4 fxe4 44. Bxe4 Bxe4 45. Rxe4 Rde8 46. Rb4
g5 47. Ng2 Re2 48. Rb6 (48. Qxd6 Rxg2+ 49. Kxg2 Re2+ $19) 48... R8e3 49. Qd4+
Kg8 50. Rxd6 Rxg2+ 51. Kxg2 Qf3+ 0-1

[Event "Hoogovens"]
[Site "Wijk aan Zee"]
[Date "1999.01.20"]
[Round "4"]
[White "Anand, Viswanathan"]
[Black "Kasimdzhanov, Rustam"]
[Result "1-0"]
[WhiteElo "2784"]
[BlackElo "2595"]
[Annotator "Ribli,Z"]
[PlyCount "77"]
[EventDate "1999.01.16"]
[EventType "tourn"]
[EventRounds "13"]
[EventCountry "NED"]
[EventCategory "17"]
[SourceTitle "CBM 069"]
[Source "ChessBase"]
[SourceDate "1999.04.01"]
[SourceVersion "1"]
[SourceVersionDate "1999.04.01"]
[SourceQuality "1"]

1. e4 c5 2. Nf3 e6 3. d4 cxd4 4. Nxd4 Nc6 5. Nc3 Qc7 6. Be2 a6 7. O-O Nf6 8.
Kh1 {Ein prophylaktischer Zug. Weiß bereitet den Angriffszug f2-f4 vor und
möchte sich noch nicht bezüglich der Stellung des schwarzfeldrigen Läufers
festlegen.} Nxd4 (8... Be7 {Mit Übergang in die Scheveninger Variante.}) (8...
b5) (8... Bb4) 9. Qxd4 Bc5 10. Qd3 b5 (10... h5) 11. f4 Bb7 (11... h5 $2 12. e5
Ng4 13. Qh3 $36 Nf2+ 14. Rxf2 Bxf2 15. Qf3 {[%cal Rf3a8,Rf3f2]} Qa7 16. Ne4 Bb6
17. a4 $16) 12. Bf3 O-O {Kasimdzhanov spielt die alte Fortsetzung. Meines
Erachtens bietet die Alternative 12...h5 Schwarz bessere Ausgleichschancen.} (
12... Bb4 $6 $146 13. e5 Bxc3 14. bxc3 Nd5 15. Ba3 $16 {1/2-1/2 Timman,
J-Polgar,J/Wijk aan Zee 1998/Inf 71/[Timman,J] (34)}) (12... h5 $5 {Die
prinzipielle Fortsetzung für Schwarz. Nach 13.e5 Ng4 14.Bxb7 Qxb7 15.Ne4 haben
wir eine kritische Eröffnungsstellung erreicht.}) 13. e5 Ne8 14. Bxb7 (14. Ne4
Be7 15. a4 b4 $13) 14... Qxb7 {Weiß hat Raumvorteil und Angriffschancen. Der
schwarze Springer steht unglücklich auf e8. Aber die Dame auf b7 kontrolliert
die wichtigsten Punkte. Schwarz hat keine besonderen Schwächen und kann
entweder ...d6 oder ...d5 spielen.} 15. f5 (15. a4 $5 {N} b4 16. Ne4 Be7 17.
Be3 $5 Qc6 18. Ng5 Bxg5 $2 (18... g6 19. Bd4 Rc8 $13) 19. fxg5 Nc7 20. Rf4 $16
{1-0 Anand,V-Ribli,Z/Novi Sad (ol) 1990/Inf 50/[Anand,V] (31)}) 15... f6 {
Das ist eine typische Verteidigungsmethode in der Paulsen-Variante. Der Zug
scheint ein wenig verdächtig, reichte aber bis jetzt den Schwarzen, um
Ausgleich zu erreichen.} 16. Bf4 $5 (16. exf6 Nxf6 17. Bg5 exf5 (17... Qc6 18.
Bxf6 $1 Rxf6 19. fxe6 Rxf1+ 20. Rxf1 dxe6 21. Qe4 Rc8 22. Qxc6 Rxc6 {1/2-1/2
Beliavsky,A-Andersson,U/Szirak (izt) 1987/Mikhalchishin) (35)}) 18. Qxf5 Bd4
19. Qd3 Bxc3 20. Qxc3 Qc6 21. Qb3+ Qc4 22. Bxf6 Rxf6 23. Rxf6 Qxb3 24. axb3
gxf6 {1/2-1/2 Nisipeanu,L-Franzoni,G/Erevan 1996/EXT 96ch2 (47)}) 16... exf5 (
16... Be7 17. Rae1 fxe5 18. Bxe5 Rc8 19. fxe6 Rxf1+ 20. Rxf1 dxe6 21. Ne2 (21.
Ne4 $5 Qd5 22. Qf3 h6 23. Bc3 $1 b4 24. Qf7+ Kh7 25. Qxe7 Qxe4 26. Re1 $1 Qxc2
27. Qxb4 $16) 21... Nf6 22. Nf4 Qc6 23. c3 Rd8 24. Qe2 Qe4 $1 {1/2-1/2
Ivanchuk,V-Hjartarson,J/New York PCA-Intel GP 1995 (28)}) 17. a4 $1 $36 {
[#]Weiß beschäftigt sich nicht mit der Wiedernahme des Bauern, sondern beginnt
seinen Angriff am Damenflügel.} (17. Qxf5 fxe5 18. Qxe5 Bd6 19. Qd4 Rxf4 20.
Rxf4 Bxf4 21. Qxf4 Nf6 {Schwarz hat nur eine Schwäche, den Bauern auf d7. Mit
aktivem Figurenspiel kann er das Gleichgewicht halten.} 22. Re1 Qc6 23. h3 Re8
24. Rxe8+ Nxe8 25. a4 Nc7 26. axb5 axb5 27. Qb4 h6 28. Qf4 Nd5 29. Qb8+ Kh7 30.
Nxd5 {1/2-1/2 Oll,L-Hernandez,G/Chicago op 1997 (30)}) 17... fxe5 18. Bxe5 b4
$6 {Schwarz hat Mehrbauern, aber seine Figurenkoordination ist schlecht. Er
sollte sich die Frage stellen, wie er am besten den Bauern zurückgeben kann.} (
18... d6 $5 19. Bg3 bxa4 20. Rxa4 Rf7 (20... Qxb2 $2 21. Qd5+ $16 {[%cal Rd5a8,
Rd5g8]}) 21. b3 Nc7 22. Rxf5 Rxf5 23. Qxf5 Rf8 24. Qd3 $14) 19. Qc4+ {[%cal
Rc4c5,Rc4g8]} Kh8 20. Qxc5 {[%cal Rc5f8]} d6 21. Qd5 $1 {[#]Ein schöner
Zwischenzug. Weiß bekommt das bessere Endspiel.} (21. Bxd6 Nxd6 22. Qxd6 bxc3
23. bxc3 Qb2 24. Qd3 $14) 21... Qxd5 22. Bxg7+ (22. Nxd5 dxe5 23. Nxb4 Nd6 $11)
22... Nxg7 23. Nxd5 $14 {[%csl Gd5] Der weiße Springer steht ausgezeichnet auf
d5. Schwarz hat viele Bauernschwächen.} Rac8 24. Rf2 a5 25. Rd1 {[%cal Gd1d6]}
Rfe8 26. b3 {Weiß bereitet das spätere Springermanöver nach c4 vor.} Rc6 (26...
Rc5) 27. h3 {Schwarz hat keine aktiven Möglichkeiten, während Weiß langsam
seine Stellung verbessert. Es ist wichtig, die Grundreihe zu befreien.} Re5 28.
Kh2 Kg8 (28... Rc5 29. Nb6 $16 {[%cal Rb6d7,Rd7c5,Rd7e5,Gb6c4,Rd1d6]}) 29. Rd3
Kf7 30. Ne3 {[%cal Ge3c4]} Ke7 (30... Rec5 31. Nc4 Ne8 32. Re2 $14 {[%cal
Gh2g3,Gg3f4]}) 31. Nc4 {[%csl Gc4][%cal Rc4e5,Rc4a5,Rc4d6] Der weiße Springer
kontrolliert den gesamten schwarzen Damenflügel.} Rec5 32. Rfd2 {[%csl Rd6]}
Ne8 33. Re2+ Kf7 34. Rde3 $16 {[%csl Rf7][%cal Re2e8][%mdl 4104] Die
Turmverdoppelung in der e-Linie entscheidet praktisch die Partie. Weiß kann
mit beiden Türmen eindringen.} Nf6 (34... Nc7 35. Re7+ Kg6 36. Rd7 $16 {
[%csl Gc4,Gd7]} d5 $2 37. Ne5+ $18 {[%cal Re5c6,Re5g6]}) 35. Re7+ Kg6 36. R2e6
{[%csl Rd6]} f4 (36... Rd5 37. Rd7 $16 {[%csl Rd6,Gd7,Ge6]}) 37. Nxd6 f3 (37...
Rxc2 38. Rf7 Rxd6 39. Rfxf6+ $18) 38. Rf7 Rf5 39. Rg7+ $1 $18 {Schwarz gab
seine hoffnungslose Stellung auf.} (39. Rg7+ $1 Kxg7 40. Nxf5+ $18 {[%cal
Rf5g7,Re6c6]}) (39. Nxf5 $4 Rxe6 $19 {[%cal Rg6f5,Rg6f7]}) 1-0

[Event "Azov"]
[Site "Azov"]
[Date "1995.??.??"]
[Round "3"]
[White "Gurevich, Vladimir"]
[Black "Poluljahov, Aleksandr"]
[Result "1/2-1/2"]
[WhiteElo "2445"]
[BlackElo "2450"]
[Annotator "Ribli,Z"]
[PlyCount "108"]
[EventDate "1995.??.??"]
[EventType "tourn"]
[EventRounds "13"]
[EventCountry "RUS"]
[EventCategory "8"]
[SourceTitle "CBM 046"]
[Source "ChessBase"]
[SourceDate "1995.06.01"]
[SourceVersion "1"]
[SourceVersionDate "1995.06.01"]
[SourceQuality "1"]

1. e4 c5 2. Nf3 Nc6 3. d4 cxd4 4. Nxd4 Qc7 5. Nc3 e6 6. g3 a6 7. Bg2 Nf6 8. O-O
Bc5 {Diese seltene Variante kommt wieder in Mode.} 9. Nxc6 dxc6 10. Na4 Ba7 11.
c4 b5 (11... Nd7 $5 12. Qg4 Bd4 13. Bf4 Qa5 14. Qd1 e5 15. Bd2 Qc7 $13 {
Schwarz steht nicht schlechter, weil er einen starken Laeufer auf d4 hat.
Popovic,P-Miladinovic,I/Novi Sad m/1994/INF61,(195)/}) 12. e5 Nd7 13. cxb5 axb5
14. Nc3 Ba6 15. Ne4 Nxe5 16. Bf4 O-O 17. b4 {Kuzmin's Vorschlag} (17. Qc2 {
Droht (/\) 18.Ng5} f6 18. Nc5 Bc8 $6 (18... Bxc5 $5 {Kuzmin} 19. Qxc5 Qa7 20.
Qxa7 Rxa7 21. Bxe5 fxe5 22. Bxc6 $14) 19. b4 Rd8 20. Rad1 Bxc5 21. Bxe5 $1 Bd6
22. Bxd6 Rxd6 23. Rxd6 Qxd6 24. Rd1 $1 $16 {Weiss gewinnt den Bauern mit
klarem Vorteil zurueck. Kuzmin,A-Averkin,O/USSR/ 1973/INF16,344/}) 17... Rad8
18. Qc2 {Droht (/\) 19.Ng5} f6 19. Nc5 Bc8 20. Rad1 $1 {Die aktiven weissen
Figuren und die schwachen schwarzen Bauern kompensieren den geopferten Bauern.
Der Turm gehoert auf eine offene Linie.} Rxd1 21. Rxd1 Rd8 {Schwarz gibt den
extra Bauern zurueck um den weissen Druck zu entschaerfen.} 22. Rxd8+ Qxd8 23.
Bxe5 fxe5 24. Bxc6 Qd4 25. Bxb5 {Der Anziehende gewinnt nun forciert einen
Bauern.} Qxb4 26. Nd3 Qxb5 (26... Qf8 $2 27. Nxe5 $18 {Schwarz hat einen
Bauern weniger und eine sehr passive Stellung, seine Lage ist hoffnungslos.})
27. Qxc8+ Kf7 28. Nxe5+ Qxe5 29. Qd7+ Kf6 30. Qxa7 Qe1+ {In Endergebnis hat
Gurevich einen Bauern erobert, aber das Damenendspiel war fuer ihn sehr schwer
zu gewinnen.} 31. Kg2 Qe4+ 32. f3 Qc4 33. h4 h6 34. g4 Qe2+ 35. Qf2 Qc4 36.
Qb2+ Kf7 37. h5 Kg8 38. a3 Kf7 {In Betracht kommt 38...e5!? auch, und nach 39.
Qb8 Kh7 40.Qe5? Qa2 41.Kg3 Qa3 Schwarz rettet die Partie.} 39. Qb4 Qe2+ 40. Kg3
Kg8 41. Qe4 Qa6 42. a4 Qb6 43. Kg2 Qb2+ 44. Kh3 Qa2 45. Kg3 Kf7 46. Qf4+ Kg8
47. Qb8+ Kf7 48. Qc7+ Kg8 49. Qd7 Qe2 50. Qe8+ Kh7 51. Qg6+ Kg8 52. Qe4 Qa6 53.
Qb4 Qf1 54. Qb3 $2 {Grober Fehler, jetzt kann Weiss das ewiges Schach nicht
mehr verhindern. Weiss koennte hier z.B. mit 54.Qd2 (+/-) fortsetzen.} Qg1+ {
Ribli} (54... Qg1+ 55. Kf4 Qd4+ 56. Kg3 Qg1+ 57. Kh3 Qh1+ $10) 1/2-1/2

[Event "Bundesliga 0102"]
[Site "Germany"]
[Date "2002.04.27"]
[Round "14.4"]
[White "Nunn, John DM"]
[Black "Borriss, Martin"]
[Result "1-0"]
[WhiteElo "2584"]
[BlackElo "2445"]
[Annotator "Ribli,Z"]
[PlyCount "63"]
[EventDate "2001.10.06"]
[EventType "team-tourn"]
[EventRounds "15"]
[EventCountry "GER"]
[SourceTitle "CBM 089"]
[Source "ChessBase"]
[SourceDate "2002.08.12"]
[SourceVersion "1"]
[SourceVersionDate "2002.08.12"]
[SourceQuality "1"]
[WhiteTeam "Luebeck"]
[BlackTeam "Neukoelln"]
[WhiteTeamCountry "GER"]
[BlackTeamCountry "GER"]

1. e4 c5 2. Nf3 e6 3. d4 cxd4 4. Nxd4 Nc6 5. Nc3 Qc7 6. g3 d6 {Anstelle des
Textzuges spielt man gewöhnlich 6...a6. - Der automatische Zug 6...Nf6 wäre
hier deutlich schlechter, denn dann käme Weiß durch 7.Ndb5 Qb8 8.Bf4 rasch zu
Vorteil.} 7. Bg2 Bd7 $6 {Mit diesem automatischen Zug handelt sich Schwarz 
(große) Probleme ein. 7...Nxd4 oder 7...a6 wäre viel besser, denn damit könnte
sich Schwarz die Unannehmlichkeiten nach Ndb5 sparen.} (7... Nxd4 8. Qxd4 Bd7
9. Bf4 Qc5 (9... e5 10. Nd5 Qb8 11. Qc4 exf4 12. Nc7+ Kd8 13. Nxa8 fxg3 14.
hxg3 Qxa8 15. e5 $40 {Benjamin,J-Zapata,A/St.Martin op (05) ;TD 92\05 1992/1-0
(30)}) 10. Qxc5 dxc5 11. a4 a6 12. e5 O-O-O 13. Ne4 Bc6 14. O-O Rd4 15. Ng5 {
1-0 Sutovsky,E-Zapata,A/Moscow 2001/CBM 86 (32)}) (7... a6) 8. Ndb5 $1 Qb8 9.
Bf4 Ne5 (9... e5 {[%csl Yd5]} 10. Be3 Nf6 11. Bg5 a6 12. Bxf6 gxf6 13. Na3 Be6
14. Nd5 Bg7 15. Nc4 O-O 16. Ndb6 Ra7 17. O-O $16 {1/2-1/2 Ivanov,A-Sorokin,M/
Moscow 1992/EXT 97 (24)}) 10. Qd4 a6 $6 (10... g5 11. Bxg5 a6 12. Na3 b5 13. f4
(13. Ne2 $1 $16) 13... h6 14. Bh4 b4 15. fxe5 dxe5 16. Qd3 bxa3 17. Rd1 Qa7 18.
Rf1 axb2 19. Bh3 Bb4 {0-1 Romanishin,O-Hort,V/Gothenburg 1971/MCD (23)}) 11.
Nxd6+ $1 {Dieses vorübergehende Springeropfer ist bekannt.} Bxd6 12. O-O-O {
[%cal Rd1d7] Jetzt hängt der Bd6, und gleichzeitig droht 13.Bxe5. Weiß hat
hier schon großen Vorteil.} (12. Rd1 b5 13. Bxe5 Bxe5 14. Qxd7+ Kf8 15. Qc6 Qc8
16. Qxc8+ Rxc8 17. Rd3 Bxc3+ 18. Rxc3 Rxc3 19. bxc3 Nf6 20. c4 Ke7 {1/2-1/2
Shamkovich,L-Zapata,A/Saint John 1988/CBM 06 (62)}) 12... g5 (12... Nd3+ 13.
Rxd3 Bxf4+ 14. gxf4 Qxf4+ 15. Kb1 Nf6 (15... O-O-O 16. Rhd1 Ne7 17. Qc5+ Nc6
18. Na4 {1-0 Sokolov,I-Ninov,K/Groningen 1986/EXT 97 (22)}) 16. e5 Qxd4 17.
Rxd4 Nd5 18. Nxd5 exd5 19. Bxd5 $18 {0-1 Arancibia,E-Peralta,E/Santiago 1995/
CBM 47 ext (29)}) 13. Bxe5 Bxe5 14. Qxd7+ Kf8 15. Ne2 {Weiß hat einen Bauern
mehr, und der gegnerische König steht unsicher.} Nf6 (15... g4 16. h3 h5 17.
Qd2 Qc7 18. Nf4 Ne7 19. Nd3 Bg7 20. hxg4 hxg4 21. Rxh8+ Bxh8 22. Qf4 {1-0 Har
Zvi,R-Bykhovsky,A/Tel Aviv 1995/CBM 50/[Mowsziszian] (27)}) 16. Qd2 $16 Rg8 17.
f4 {[%mdl 128] Weiß öffnet die f-Linie, das ist angesichts der Tatsache, dass
sich der schwarze König auf f8 befindet, fraglos eine gute Idee.} gxf4 18. Nxf4
Qc7 (18... Bxf4 19. gxf4 $18) 19. Rhf1 {[%cal Gf1f8]} Rc8 20. Nd3 Kg7 21. c3 {
Jetzt droht schon 22.Qg5+ mit sofortigem Gewinn.} (21. Qg5+ $6 Kh8 22. Qd2)
21... h6 22. Kb1 (22. Nxe5 Qxe5 23. Qf4 Rc5 24. Rd2 $16) 22... Rgd8 23. Qe3 a5
24. h3 Nd7 (24... Bxg3 $2 25. e5 $18) 25. Qf3 Nf8 (25... Nf6 26. Rd2 $18 {
[%cal Rd2f2,Rf1f7]}) 26. h4 {[%cal Gg3g4]} (26. g4 Ng6) 26... Bxg3 27. Qf6+ Kg8
28. Qxh6 $18 {[%csl Rg8] Weiß hat nicht nur einen Bauern mehr, sondern auch
tödlichen Angriff am Königsflügel.} Be5 29. Bh3 {[%cal Rf1g1,Rg1g8]} Nh7 30.
Bxe6 {[%mdl 64]} (30. Rxf7 $1 Qxf7 (30... Kxf7 31. Qxh7+ Bg7 (31... Ke8 32.
Qg8+ $18) 32. Rf1+ $18) 31. Bxe6 $16) 30... Bg7 (30... fxe6 31. Qxe6+ $18) 31.
Rxf7 Qxf7 (31... Bxh6 32. Rxc7+ $18) 32. Bxf7+ 1-0